000 00807nam a2200265 i 4500
001 000030875
003 DO-SdBNP
005 20251127102650.0
007 ta
008 110602s1979 dr a 000 0 spa d
040 _aDO-SdBNP
_bspa
_cBNPHU
_erda
041 _aspa
082 _axxx
_bS237p
_222
100 1 _aSantos, Danilo de lo
_eautor
_957407
245 1 3 _aLa pintura en la sociedad dominicana /
_cDanilo de lo Santos.
264 _aSanto Domingo :
_bUCMM,
_c1979.
300 _a606 páginas :
_bilustraciones ;
_c22 cm.
336 _ardacontent
_btexto
_2txt
337 _ardamedia
_bsin mediación
_2n
338 _ardacarrier
_bvolumen
_2nc
500 _aIncluye referencias bibliográficas y notas al pie de las páginas
590 _aInventariado, 2025/DG
910 _aDG
942 _2ddc
_cLBS1
999 _c30367
_d30367